Análisis de legislación pyme (Registro nro. 24982)
[ vista simple ]
| 000 -Cabecera | |
|---|---|
| Campo de control interno | 00380nam a2200169Ia 4500 |
| 005 - Fecha y hora del registro | |
| control field | 20260414151119.0 |
| 008 - Elementos de Longitud Fija | |
| fixed length control field | 260414t1998||||xx |||||||||||||| ||spa|| |
| 041 ## - Idioma | |
| Codigo Idioma | ESP |
| 082 ## - DEWEY y NOTACIÓN INTERNA | |
| Dewey | 346.065 |
| Notación Interna | A24 |
| 100 ## - AUTOR | |
| Autor denominación | Cinseyt |
| Término de relación | autor |
| 245 #0 - TÍTULO DE MATERIAL BIBLIOGRÁFICO | |
| Título | Análisis de legislación pyme |
| Título paralelo | |
| 260 ## - CIUDAD, EDITORIAL, AÑO | |
| Año | 1998 |
| 650 ## - TEMAS | |
| Temas | Derecho |
| 654 ## - PROGRAMAS | |
| Programa | Dpto. de Derecho y Ciencia Política |
| 942 ## - ELEMENTOS DE KOHA | |
| Tipo de documento | Libro |
| Nombre del creador | Justo Noguera |
| Código de catalogador | Justo Noguera |
| Esquema de clasificación | Dewey Decimal Classification |
| Suppress in OPAC | |
| Codigo completo | Registro | Colección | Copia número | Disponibilidad | Tipo de préstamo | Biblioteca Actual | Procedencia (Biblioteca) | Ubicacón | Fecha Ingreso | Tipo de Adquisición | Date last seen | Total checkouts | Price effective from | Tipo de Item | Estado del Material | Damaged status | Withdrawn status |
|---|---|---|---|---|---|---|---|---|---|---|---|---|---|---|---|---|---|
| 346.065 A24 | U0004667 | Universidad Católica San Pablo | 1 | Disponible | Disponible | Víctor Andrés Belaunde | Víctor Andrés Belaunde | Primer piso | 14/04/2026 | Donación | 14/04/2026 | 14/04/2026 | Libro | Bueno |




